| 000 | 00791nam a2200229 u 4500 | ||
|---|---|---|---|
| 005 | 20220916063532.0 | ||
| 008 | 121005s2007 r 000 0 eng d | ||
| 020 | _a9789707707801 | ||
| 035 | _aUPN01000187151 | ||
| 049 | _aI | ||
| 050 | 4 |
_aPZ10.3 _bL6.72 |
|
| 100 | 1 |
_aLobel, Arnold, _d1933-1987 _934039 |
|
| 245 | 1 | 0 |
_aSaltamontes en el camino / _cArnold Lobel ; tr. de Yolanda Reyes. |
| 260 |
_aMéxico : _bAlfaguara, _c2007. |
||
| 300 |
_a68 p. : _bil. col. |
||
| 440 | 0 |
_aNidos para la lectura. _pYo empiezo a leer con otros. _pPara acompañar a los que están aprendiendo |
|
| 534 |
_pTítulo original: _tGrasshopper on the road |
||
| 650 | 0 |
_aAnimales _vCuentos y leyendas _9234 |
|
| 650 | 7 |
_aLiteratura infantil estadounidense _2 _99173 |
|
| 905 | _aInfantil | ||
| 999 |
_c159254 _d159254 |
||